000 00245nam a22000977a 4500
008 240404b |||||||| |||| 00| 0 eng d
020 _a9780310738305
100 _aLewis Gregg
_97758
245 _aGifted Hands
260 _aMichigan
_bZonder Kidz
_c2013
999 _c12554
_d12554